000
00302nam a22001337a 4500
999
_c
1052
_d
1052
003
OSt
005
20170921120411.0
008
160628b xxu||||| |||| 00| 0 eng d
020
_a
9780199100583
040
_c
TEST
100
_9
1286
_a
Kerrod, R
245
_a
Earth, Air and Atoms
300
_a
Earth, Air and Atoms
942
_2
ddc
_c
BK